Interspecies diversity, growth and mode of propagation of Jatropha plants in Bangladesh / (Record no. 37386)
[ view plain ]
| 000 -LEADER | |
|---|---|
| fixed length control field | 00973ntm a2200253 a 4500 |
| 001 - CONTROL NUMBER | |
| control field | 37386 |
| 003 - CONTROL NUMBER IDENTIFIER | |
| rucl marc code | BD-RjUL |
| 005 - DATE AND TIME OF LATEST TRANSACTION | |
| control field | 20211209052614.0 |
| 008 - FIXED-LENGTH DATA ELEMENTS--GENERAL INFORMATION | |
| fixed length control field | 141211s2012 bg a|||| m||| 00| e eng d |
| 035 ## - SYSTEM CONTROL NUMBER | |
| System control number | (BD-RjUL)37489 |
| 040 ## - CATALOGING SOURCE | |
| Original cataloging agency | BD-RjUL |
| Language of cataloging | eng |
| Transcribing agency | BD-RjUL |
| Modifying agency | BD-RjUL |
| 041 ## - LANGUAGE CODE | |
| Language code of text/sound track or separate title | eng |
| 082 ## - DEWEY DECIMAL CLASSIFICATION NUMBER | |
| Edition number | 21 |
| Classification number | 583.69135 |
| Author mark and year | ISI 2012 |
| 100 ## - MAIN ENTRY--PERSONAL NAME | |
| Personal name | Islam, Md. Rafiqul |
| 9 (RLIN) | 114629 |
| 245 ## - TITLE STATEMENT | |
| Title | Interspecies diversity, growth and mode of propagation of Jatropha plants in Bangladesh / |
| Statement of responsibility, etc. | by Md. Rafiqul Islam |
| Linkage | Supervisor: M. A. Bari Miah |
| 260 ## - PUBLICATION, DISTRIBUTION, ETC. (IMPRINT) | |
| Place of publication, distribution, etc. | Rajshahi : |
| Name of publisher, distributor, etc. | Institute of Biological Sciences, R. U. , |
| Date of publication, distribution, etc. | 2012. |
| 300 ## - PHYSICAL DESCRIPTION | |
| Pagination | [13], 294 Leaves : |
| Illustrations | Ill. ; |
| Size | 30 cm. |
| 502 ## - DISSERTATION NOTE | |
| Dissertation note | Thesis (Ph. D.)--Institute of Biological Sciences, R. U., 2012. |
| 504 ## - BIBLIOGRAPHY, ETC. NOTE | |
| Bibliography, etc | References :Leaves [268]-294 |
| 650 ## - SUBJECT ADDED ENTRY--TOPICAL TERM | |
| Topical term or geographic name as entry element | Jatropha plants |
| General subdivision | Experimental Research |
| Geographic subdivision | Bangladesh |
| 9 (RLIN) | 114630 |
| Topical term or geographic name as entry element | Jatropha |
| General subdivision | Biotechnology. |
| 9 (RLIN) | 114630 |
| 700 ## - ADDED ENTRY--PERSONAL NAME | |
| Personal name | Miah, M. A. Bari, Supervisor |
| 942 ## - ADDED ENTRY ELEMENTS (KOHA) | |
| Source of classification or shelving scheme | Dewey Decimal Classification |
| Koha item type | Theses |
| Lost status | Source of classification or shelving scheme | Damaged status | Not for loan | Collection code | Permanent Location | Current Location | Shelving location | Date acquired | Source of acquisition | Cost, normal purchase price | Total Checkouts | Full call number | Date last seen | Copy number | Koha item type |
|---|---|---|---|---|---|---|---|---|---|---|---|---|---|---|---|
| Dewey Decimal Classification | Not For Loan | Non-fiction | Central Library, University of Rajshahi | Central Library, University of Rajshahi | Documentation Section | 09/10/2013 | Controller of Examination, R. U. | 0.00 | THE 583.69135 ISI 2012 | 11/12/2014 | C-1 | Theses |